Гуманитарные исследования: теория и реальность (Запись № 103712)

Подробности
000 -МАРКЕР
контрольное поле 02582nam0a2200421 4500
001 - ИДЕНТИФИКАТОР ЗАПИСИ
контрольное поле RU\NLR\bibl\933455
005 - ИДЕНТИФИКАТОР ВЕРСИИ
контрольное поле 20260407103205.0
010 ## - МЕЖДУНАРОДНЫЙ СТАНДАРТНЫЙ НОМЕР КНИГИ (ISBN)
Номер (ISBN) 5-7493-0924-X
Уточнения В пер.
Тираж 300
021 ## - НОМЕР ГОСУДАРСТВЕННОЙ РЕГИСТРАЦИИ
Код страны Российская Федерация
Номер 2006-8439
Номер Листа государственной регистраци 404
035 ## - ДРУГИЕ СИСТЕМНЫЕ НОМЕРА
Идентификатор записи (nilc)RSL-KNO-002841387
035 ## - ДРУГИЕ СИСТЕМНЫЕ НОМЕРА
Идентификатор записи (NLR Aleph) 000921662
100 ## - ДАННЫЕ ОБЩЕЙ ОБРАБОТКИ
Данные общей обработки 20060310d2005 |||y0rusy50 ca
101 0# - ЯЗЫК РЕСУРСА
Язык текста, звукозаписи и т.д. русский
102 ## - СТРАНА ПУБЛИКАЦИИ ИЛИ ПРОИЗВОДСТВА
Страна публикации Российская Федерация
105 ## - ПОЛЕ КОДИРОВАННЫХ ДАННЫХ: ТЕКСТОВЫЕ МАТЕРИАЛЫ, МОНОГРАФИЧЕСКИЕ
Кодированные данные о монографическом текстовом документе a |||||||||
106 ## - ПОЛЕ КОДИРОВАННЫХ ДАННЫХ: ТЕКСТОВЫЕ РЕСУРСЫ – ФОРМА
Форма ресурса: кодированные данные: обозначение носителя r
200 1# - ЗАГЛАВИЕ И СВЕДЕНИЯ ОБ ОТВЕТСТВЕННОСТИ
Основное заглавие Гуманитарные исследования: теория и реальность
Сведения, относящиеся к заглавию сб. науч. тр.
Первые сведения об ответственности Федер. агентство по образованию, Гос. образоват. учреждение высш. проф. образования "Морд. гос. пед. ин-т им. М. Е. Евсевьева"
Последующие сведения об ответственности [редкол.: Т. А. Наумова (отв. ред.) и др.]
210 ## - ПУБЛИКАЦИЯ, РАСПРОСТРАНЕНИЕ И ДР.
Место издания, распространения и т.д. Саранск
Имя издателя, распространителя и т. д. МГПИ им. М. Е. Евсевьева
Дата издания, распространения и т.д. 2005
215 ## - ФИЗИЧЕСКАЯ ХАРАКТЕРИСТИКА
Специфическое обозначение материала и объем 253, [1] с., [1] л. цв. портр.
Другие сведения о физической характеристике ил., табл.
Размеры 21
300 ## - ОБЩИЕ ПРИМЕЧАНИЯ
Текст примечания Признаному обществ. деят., доброму наставнику, умелому рук., талантливому учителю, ректору Морд. гос. пед. ин-та им. М. Е. Евсевьева, д-ру филол. наук, проф., зав. каф. лит., заслуж. деят. науки Респ. Мордовия, депутату Гос. Собр. Респ. Мордовия Виктору Мироновичу Макушкину посвящается
320 ## - ПРИМЕЧАНИЯ О НАЛИЧИИ В ДОКУМЕНТЕ БИБЛИОГРАФИИ / УКАЗАТЕЛЯ
Текст примечания Библиогр. в конце ст.
606 1# - НАИМЕНОВАНИЕ ТЕМЫ КАК ПРЕДМЕТ
Наименование темы Мордовская филология
Формальный подзаголовок Сборники
Системный номер авторитетной/нормативной записи 1649377
Идентификатор авторитетной/нормативной записи RU\NLR\auth\66729927
606 1# - НАИМЕНОВАНИЕ ТЕМЫ КАК ПРЕДМЕТ
Наименование темы Гуманитарные науки
Формальный подзаголовок Сборники
Тематический подзаголовок Преподавание
Системный номер авторитетной/нормативной записи 2198553
Идентификатор авторитетной/нормативной записи RU\NLR\auth\661321254
610 0# - НЕКОНТРОЛИРУЕМЫЕ ПРЕДМЕТНЫЕ ТЕРМИНЫ
Предметный термин Общественные науки в целом -- Сборник статей
686 ## - ИНДЕКСЫ ДРУГИХ КЛАССИФИКАЦИЙ
Индекс C.я43
Код системы
686 ## - ИНДЕКСЫ ДРУГИХ КЛАССИФИКАЦИЙ
Индекс Ш066.31я43
686 ## - ИНДЕКСЫ ДРУГИХ КЛАССИФИКАЦИЙ
Индекс Ч426.302я43
686 ## - ИНДЕКСЫ ДРУГИХ КЛАССИФИКАЦИЙ
Индекс Ч486.302я43
702 #1 - ИМЯ ЛИЦА - ВТОРИЧНАЯ ОТВЕТСТВЕННОСТЬ
Код отношения Редактор
Начальный элемент ввода Наумова
Часть имени, кроме начального элемента ввода Т. А.
Дополнения к именам, кроме дат канд. пед. наук
Расширение инициалов личного имени Татьяна Андреевна
Системный номер авторитетной/нормативной записи 150410
Идентификатор авторитетной/нормативной записи RU\NLR\AUTH\770150447
711 02 - НАИМЕНОВАНИЕ ОРГАНИЗАЦИИ - АЛЬТЕРНАТИВНАЯ ОТВЕТСТВЕННОСТЬ
Код отношения Автор
Начальный элемент ввода Мордовский государственный педагогический институт им. М. Е. Евсевьева
Идентифицирующий признак Саранск
Системный номер авторитетной/нормативной записи 359069
Идентификатор авторитетной/нормативной записи RU\NLR\AUTH\889931834
801 #0 - ИСТОЧНИК ЗАПИСИ
Страна Российская Федерация
Организация РКП
Дата составления 20060310
Правила каталогизации rcr
801 #1 - ИСТОЧНИК ЗАПИСИ
Страна Российская Федерация
Организация РГБ
Дата составления 20060310
801 #2 - ИСТОЧНИК ЗАПИСИ
Страна Российская Федерация
Организация NLR
Дата составления 20060417
Правила каталогизации rcr
942 ## - ДОПОЛНИТЕЛЬНЫЕ ЭЛЕМЕНТЫ ЗАПИСИ (АБИС)
Тип экземпляра АБИС Книга
980 ## - КОЛЛЕКЦИЯ
Название коллекции Национальная библиография
Экземпляры
Тип экземпляра Дата поступления Источник поступления Библиотека постоянного хранения Библиотека текущего хранения Место хранения Шифр хранения Штрих-код Статус экземпляра
Книга 17.04.2006 Обязательный экземпляр РНБ (Московский) РНБ (Московский) Русский книжный фонд: издания с 1957 года 2006-3/10759 1-1194071  
Книга 17.04.2006 Обязательный экземпляр РНБ (Московский) РНБ (Московский) Русский книжный фонд: издания с 1957 года 2006-3/10759 2166644